000 01017nab a2200253 i 4500
001 193652
003 ES-MaACL
005 20250827212848.0
007 t|
008 240201s1910 sp 00010 spa d
040 _aES-MaACL
_cES-MaACL
245 0 3 _aEl Congreso Africanista en Madrid :
_baspecto del salón de actos del Ateneo durante la sesión inaugural verificada ayer tarde /
_cfot., Alba
260 _a[Madrid] :
_bABC,
_c[1910]
300 _a1 página :
_b1 ilustración ;
_c30 cm
500 _aFotocopia de la página con la fotografía "El Congreso Africanista en Madrid", publicada en "ABC", 13 de diciembre de 1910
610 2 4 _aAteneo de Madrid-
_vConferencias-
_y1900-1939
_91907
611 2 4 _aCongreso Africanista
_n(4º.
_d1910.
_cMadrid)
_9149886
650 7 _aAfricanistas
_2embne
_9235171
655 4 _aFotografías
_9242033
700 1 _aAlba, Ramón,
_d-1919
_epht
_9235130
852 4 _aES-MaACL
_cDEPOF
_j2347-F-26
_9201161
942 _cART_PRENSA
_2udc
_n0
999 _c193652
_d193652